00657nam a22001697a 4500007000300000008004100003020001500044050002100059100003000080245010300110260003000213300001800243505014400261650002100405700003200426700002900458ta191017t2004 spa |||gr|||| 001 0 spa d a8495447606 aT351.5bR39 2004 aRendón, Álvaroeautor aDibujo técnicob: guía de bachilleratoc/ Álvaro Rendón, Alejandro Redondo, Jorge Quintana aMadridb: Tébarc, 2004 a330 páginas a1. Legislación sobre bachillerato. 2. Programa de la asignatura de dibujo técnico para ambos cursos. 3. Medios y recursos didácticos. 0aDIBUJO TÉCNICO aRedondo, Alejandroecoautor aQuintana, Jorgeecoautor